00572 2200193 4500001002100000005001500021008004100036020002200077035002500099041000800124082001000132090001000142100002000152245010300172250001600275260004200291300002300333650002200356INLIS00000000000555620130515153641 ind  a978-979-22-2926-4 a0010-051300000005556 aind a158.2 a158.2 aDaniel, Goleman aSocial Intelligence ( Ilmu Baru Tentang Hubungan Antar-Manusia ) c.2/ penerjemah, Hariono S., Imam aCetakan : 1 aJakartabGramedia Pustaka Utamac2007 a547 hlm. ;22.5 cm. aPsikologi Terapan